000 01134nam a22003017a 4500
001 000604
003 DO-SdBNP
005 20180131133125.0
007 000604
008 161027b 1990 sp a ||||| |||| 00| 0 spa d
020 _a8427249187
040 _aBPMSU
_bspa
_cBPMSU
041 1 7 _aspa
_heng
082 _axxxx
_bxxxx
100 1 _aArden, William,
_d1924-2005.
240 1 0 _a The mystery of the shrinking house.
_lEspañol
245 1 0 _aMisterio de la casa que se encogía /
_ctexto de William Arden, basado en personajes creados por Robert Arthur ; traducción de M. Giménez.
246 1 0 _aAlfred Hitchcock y los tres investigadores en misterio de la casa que se encogía /
260 _aBarcelona :
_bMolino,
_c1990.
300 _a174 p. :
_bil. ;
_c21 cm.
490 1 _aAlfred Hitchcock y los tres investigadores
_v18
500 _aTraducción de: The mystery of the shrinking house.
700 1 2 _aGiménez Sales, Miguel,
_d1922-
_etr.
830 0 _aAlfred Hitchcock y los tres investigadores ;
_v18
942 _2ddc
_cBK
945 _aInventariado, 2018/ YL
956 _2LOPEREZ
_310
_620161027
_8BPMSU
_a00041
999 _c11697
_d11697